| 000 | 00556nam a2200193Ia 4500 | ||
|---|---|---|---|
| 005 | 20250508152007.0 | ||
| 008 | 008 250505s9999 xx 000 0 eng d | ||
| 037 | _aTextual | ||
| 040 |
_aFEDL _beng _cFEDL |
||
| 041 |
_aeng _2eng |
||
| 084 |
_a910, EAS _qFEDL |
||
| 100 | _aEast W Gordon Ed. | ||
| 245 | 0 | _aChanging World: Studies in political geography | |
| 260 |
_aLondon, UK _bGeorge G Harrap and Co Ltd _c1956 |
||
| 300 | _axxvii,1040p | ||
| 700 |
_a Moodie A E Ed. _9760540 |
||
| 942 |
_cTEXL _h910, EAS |
||
| 999 |
_c1333440 _d1333440 |
||